|
|
|
|
| LEADER |
00000cam a2200000 c 4500 |
| 001 |
025334867 |
| 003 |
DE-627 |
| 005 |
20250822172549.0 |
| 007 |
tu |
| 008 |
891031s1989 gw ||||| 00| ||ger c |
| 010 |
|
|
|a 90127320
|
| 015 |
|
|
|a 90,A03,0203
|2 dnb
|
| 016 |
7 |
|
|a 900081481
|2 DE-101
|
| 020 |
|
|
|a 3402037750
|9 3-402-03775-0
|
| 020 |
|
|
|a 3402037769
|9 3-402-03776-9
|
| 035 |
|
|
|a (DE-627)025334867
|
| 035 |
|
|
|a (DE-603)011716045
|
| 035 |
|
|
|a (DE-576)018883478
|
| 035 |
|
|
|a (DE-599)GBV025334867
|
| 035 |
|
|
|a (DE-604)8023020776
|
| 040 |
|
|
|a DE-627
|b ger
|c DE-627
|e rakwb
|
| 041 |
|
|
|a ger
|
| 044 |
|
|
|c XA-DE
|
| 050 |
|
0 |
|a BR302
|
| 050 |
|
0 |
|a BX830 1545
|
| 084 |
|
|
|a 12
|2 sdnb
|
| 084 |
|
|
|a 1
|2 ssgn
|
| 084 |
|
|
|a BP 3860
|2 rvk
|0 (DE-625)rvk/14998:
|
| 084 |
|
|
|a BO 5350
|2 rvk
|0 (DE-625)rvk/14557:
|
| 084 |
|
|
|a NN 3200
|2 rvk
|0 (DE-625)rvk/126782:
|
| 084 |
|
|
|a BP 2640
|2 rvk
|0 (DE-625)rvk/14966:
|
| 100 |
1 |
|
|0 (DE-588)118693174
|0 (DE-627)079475345
|0 (DE-576)161008143
|4 aut
|a Freudenberger, Theobald
|d 1904-1994
|
| 109 |
|
|
|a Freudenberger, Theobald 1904-1994
|a Freudenberger, Theobaldus 1904-1994
|
| 245 |
1 |
4 |
|a Die Fürstbischöfe von Würzburg und das Konzil von Trient
|c von Theobald Freudenberger
|
| 264 |
|
1 |
|a Münster, Westfalen
|b Aschendorff
|c 1989
|
| 300 |
|
|
|a XVI, 227 S.
|c 23 cm
|
| 336 |
|
|
|a Text
|b txt
|2 rdacontent
|
| 337 |
|
|
|a ohne Hilfsmittel zu benutzen
|b n
|2 rdamedia
|
| 338 |
|
|
|a Band
|b nc
|2 rdacarrier
|
| 490 |
1 |
|
|a Reformationsgeschichtliche Studien und Texte
|v 128
|
| 500 |
|
|
|a Literaturverz. S. VI - XI
|
| 583 |
1 |
|
|a Massenentsäuert
|c 2017
|k DE-18
|2 pdager
|5 DE-18-161
|
| 583 |
1 |
|
|a Archivierung/Langzeitarchivierung gewährleistet
|f SSG
|x XA-DE-BW
|2 pdager
|5 DE-21
|
| 600 |
1 |
7 |
|0 (DE-588)11852870X
|0 (DE-627)139302492
|0 (DE-576)208903933
|a Eck, Johannes
|d 1486-1543
|2 gnd
|
| 610 |
2 |
7 |
|0 (DE-588)1123849374
|0 (DE-627)877551960
|0 (DE-576)482178272
|a Katholische Kirche
|b Diözese Würzburg
|2 gnd
|
| 611 |
2 |
7 |
|0 (DE-588)4121788-3
|0 (DE-627)105767077
|0 (DE-576)209546158
|a Tridentinum
|d 1545-1563
|c Trient
|2 gnd
|
| 650 |
0 |
7 |
|0 (DE-588)4006949-7
|0 (DE-627)104388951
|0 (DE-576)208867961
|a Bischof
|2 gnd
|
| 653 |
|
0 |
|a Council of Trent
|a (1545-1563)
|
| 653 |
|
0 |
|a Würzburg (Ecclesiastical principality)
|a History
|a 16th century
|
| 655 |
|
7 |
|a Konferenzschrift
|y 1986
|z Ingolstadt
|0 (DE-588)1071861417
|0 (DE-627)826484824
|0 (DE-576)433375485
|2 gnd-content
|
| 689 |
0 |
0 |
|d b
|0 (DE-588)1123849374
|0 (DE-627)877551960
|0 (DE-576)482178272
|2 gnd
|a Katholische Kirche
|b Diözese Würzburg
|
| 689 |
0 |
1 |
|d f
|0 (DE-588)4121788-3
|0 (DE-627)105767077
|0 (DE-576)209546158
|2 gnd
|a Tridentinum
|d 1545-1563
|c Trient
|
| 689 |
0 |
|
|5 DE-101
|
| 689 |
1 |
0 |
|d g
|0 (DE-588)4078405-8
|0 (DE-627)106077473
|0 (DE-576)209208538
|2 gnd
|a Trient
|
| 689 |
1 |
1 |
|d g
|0 (DE-588)4067037-5
|0 (DE-627)10611073X
|0 (DE-576)209167939
|2 gnd
|a Würzburg
|
| 689 |
1 |
2 |
|d s
|0 (DE-588)4304876-6
|0 (DE-627)123182735
|0 (DE-576)211072370
|2 gnd
|a Fürstbischof
|
| 689 |
1 |
3 |
|d s
|0 (DE-588)4032368-7
|0 (DE-627)104360089
|0 (DE-576)208996524
|2 gnd
|a Konzil
|
| 689 |
1 |
|
|5 (DE-627)
|
| 787 |
0 |
8 |
|i Rezensiert in
|a Rex, Richard
|t Johannes Eck (1486–1543) im Streit der Jahrhunderte. Internationales Symposium der Gesellschqft zur Herausgabe des Corpus Catholicorum aus Anlass des 500. Geburtstages des Johannes Eck vom 13. bis 16 November 1986 in Ingolstadt und Eichstätt. Edited by Erwin Iserloh. (Reformationsgeschichtliche Studien und Text, 127.) Pp. iv + 275 incl. 7 ills. Minister Westfalen: Aschendorff, 1988. DM 84. 3 402 03775 0; 0171 3469
|d 1991
|w (DE-627)1784702617
|
| 787 |
0 |
8 |
|i Rezensiert in
|a Lies, Lothar, 1940 - 2008
|t [Rezension von: Freudenberger, Theobald, 1904-1994, Die Fürstbischöfe von Würzburg und das Konzil von Trient]
|d 1990
|w (DE-627)1650122373
|w (DE-576)518891208
|
| 830 |
|
0 |
|a Reformationsgeschichtliche Studien und Texte
|v 128
|9 128
|w (DE-627)130143456
|w (DE-576)015683443
|w (DE-600)513385-3
|x 0171-3469
|7 am
|
| 889 |
|
|
|w (DE-627)02111742X
|
| 889 |
|
|
|w (DE-627)272720259
|
| 935 |
|
|
|a mteo
|
| 935 |
|
|
|i Blocktest
|
| 936 |
r |
v |
|a BP 3860
|b Konzil von Trient
|k Theologie und Religionswissenschaften
|k Evangelische Kirchengeschichte
|k Evangelische Kirchengeschichte Deutschlands
|k Innerlutherische Streitigkeiten, katholische Reform und Gegenreformation (1555-1648)
|k Römisch-katholische Kirche
|k Konzil von Trient
|0 (DE-627)1272616584
|0 (DE-625)rvk/14998:
|0 (DE-576)202616584
|
| 936 |
r |
v |
|a BO 5350
|b Schriftenreihen
|k Theologie und Religionswissenschaften
|k Patrologie und Kirchengeschichte
|k Kirchengeschichte nach Perioden
|k Reformation und Gegenreformation (1517-1648)
|k Darstellungen
|k Schriftenreihen
|0 (DE-627)1270748076
|0 (DE-625)rvk/14557:
|0 (DE-576)200748076
|
| 936 |
r |
v |
|a NN 3200
|b Konzil von Trient und nachtridentinische Reform
|k Geschichte
|k Neuere Geschichte
|k Zeitalter der Gegenreformation und des Dreißigjährigen Krieges (1555 - 1648)
|k Geschichte der Gegenreformation (1555 - 1648)
|k Geschichte der Kirchen (1555 - 1648)
|k Katholische Kirche
|k Konzil von Trient und nachtridentinische Reform
|0 (DE-627)1271465736
|0 (DE-625)rvk/126782:
|0 (DE-576)201465736
|
| 936 |
r |
v |
|a BP 2640
|b Andere Personen
|k Theologie und Religionswissenschaften
|k Evangelische Kirchengeschichte
|k Evangelische Kirchengeschichte Deutschlands
|k Reformation, katholische Reform und Gegenreformation
|k Darstellungen
|k Andere Personen
|0 (DE-627)1272616282
|0 (DE-625)rvk/14966:
|0 (DE-576)202616282
|
| 951 |
|
|
|a BO
|
| ACO |
|
|
|a 1
|
| ELC |
|
|
|b 1
|
| ITA |
|
|
|a 1
|t 1
|
| LOK |
|
|
|0 000 xxxxxcx a22 zn 4500
|
| LOK |
|
|
|0 001 3328262296
|
| LOK |
|
|
|0 003 DE-627
|
| LOK |
|
|
|0 004 025334867
|
| LOK |
|
|
|0 005 20010918000000
|
| LOK |
|
|
|0 008 891025||||||||||||||||ger|||||||
|
| LOK |
|
|
|0 040
|a DE-21
|c DE-627
|d DE-21
|
| LOK |
|
|
|0 852
|a DE-21
|
| LOK |
|
|
|0 852 1
|c 29 A 13664
|9 00
|
| LOK |
|
|
|0 935
|a theo
|
| LOK |
|
|
|0 936ln
|a t3.3
|
| LOK |
|
|
|0 939
|a 25-10-89
|b l01
|
| LOK |
|
|
|0 000 xxxxxcx a22 zn 4500
|
| LOK |
|
|
|0 001 3328262334
|
| LOK |
|
|
|0 003 DE-627
|
| LOK |
|
|
|0 004 025334867
|
| LOK |
|
|
|0 005 20100408040524
|
| LOK |
|
|
|0 008 950707||||||||||||||||ger|||||||
|
| LOK |
|
|
|0 040
|a DE-21-31
|c DE-627
|d DE-21-31
|
| LOK |
|
|
|0 541
|e 62648
|
| LOK |
|
|
|0 852
|a DE-21-31
|
| LOK |
|
|
|0 852 1
|c Ei I 220-128
|m p
|9 00
|
| LOK |
|
|
|0 938
|k p
|
| LOK |
|
|
|0 939
|a 07-07-95
|b l01
|
| LOK |
|
|
|0 000 xxxxxcx a22 zn 4500
|
| LOK |
|
|
|0 001 4407759658
|
| LOK |
|
|
|0 003 DE-627
|
| LOK |
|
|
|0 004 025334867
|
| LOK |
|
|
|0 005 20231115122812
|
| LOK |
|
|
|0 008 231115||||||||||||||||ger|||||||
|
| LOK |
|
|
|0 040
|a DE-21-32c
|c DE-627
|d DE-21-32c
|
| LOK |
|
|
|0 541
|e 21470
|
| LOK |
|
|
|0 852
|a DE-21-32c
|
| LOK |
|
|
|0 852 1
|c C 76/128
|m p
|9 00
|
| LOK |
|
|
|0 852 2
|b UG-NG
|9 00
|
| LOK |
|
|
|0 935
|a k32c
|a ugng
|
| LOK |
|
|
|0 938
|k p
|
| LOK |
|
|
|0 939
|a 15-11-23
|b l01
|
| LOK |
|
|
|0 000 xxxxxcx a22 zn 4500
|
| LOK |
|
|
|0 001 4240026164
|
| LOK |
|
|
|0 003 DE-627
|
| LOK |
|
|
|0 004 025334867
|
| LOK |
|
|
|0 005 20221222185147
|
| LOK |
|
|
|0 008 221222||||||||||||||||ger|||||||
|
| LOK |
|
|
|0 040
|a DE-Tue135-1
|c DE-627
|d DE-Tue135-1
|
| LOK |
|
|
|0 852
|a DE-Tue135-1
|
| LOK |
|
|
|0 852 1
|m p
|9 00
|
| LOK |
|
|
|0 852 2
|b FTH 208-E2 FREU
|9 00
|
| LOK |
|
|
|0 8564
|u https://bibsearch.uibk.ac.at/AC00050120
|
| LOK |
|
|
|0 935
|a inmo
|
| LOK |
|
|
|0 938
|k p
|
| LOK |
|
|
|0 939
|a 22-12-22
|b l01
|
| LOK |
|
|
|0 000 xxxxxcx a22 zn 4500
|
| LOK |
|
|
|0 001 4830419156
|
| LOK |
|
|
|0 003 DE-627
|
| LOK |
|
|
|0 004 025334867
|
| LOK |
|
|
|0 005 20251218170230
|
| LOK |
|
|
|0 008 251218||||||||||||||||ger|||||||
|
| LOK |
|
|
|0 035
|a (DE-4020)wubadaa14148
|
| LOK |
|
|
|0 040
|a DE-4020
|c DE-627
|d DE-4020
|
| LOK |
|
|
|0 092
|o n
|
| LOK |
|
|
|0 852
|a DE-4020
|
| LOK |
|
|
|0 852 1
|c K 379
|m p
|9 00
|
| LOK |
|
|
|0 935
|a bami
|
| LOK |
|
|
|0 938
|k p
|
| LOK |
|
|
|0 939
|a 18-12-25
|b l01
|
| ORI |
|
|
|a SA-MARC-ixtheoa001.raw
|
| STA |
0 |
0 |
|a Bishop,Bishop,Episcopate,Episcopal office,Bishops,Council,Councils and synods,Prince bishop,Trent,Trient,Trento
|
| STB |
0 |
0 |
|a Concile,Concile,Prince-évêque,Évêque,Évêque,Épiscopat
|
| STC |
0 |
0 |
|a Concilio,Concilio,Concilios y sínodos diocesanos,Obispo,Obispo,Príncipe-obispo
|
| STD |
0 |
0 |
|a Concilio,Concilio,Principe vescovo,Vescovo,Vescovo
|
| STE |
0 |
0 |
|a 主教,主教,大公会议,大公会议,采邑主教,亲王主教
|
| STF |
0 |
0 |
|a 主教,主教,大公會議,大公會議,采邑主教,親王主教
|
| STG |
0 |
0 |
|a Bispo,Bispo,Concílio,Concílio,Príncipe-bispo
|
| STH |
0 |
0 |
|a Епископ (мотив),Епископ,Княжеский епископ,Церковный собор (мотив),Церковный собор
|
| STI |
0 |
0 |
|a Αρχιεπίσκοπος,Επίσκοπος (μοτίβο),Επίσκοπος,Συμβούλιο (μοτίβο),Συμβούλιο
|
| SYA |
0 |
0 |
|a Maier, Johannes,1486-1543,Maier, Johann,1486-1543,Eck, Joann,1486-1543,Eckius, Joh.,1486-1543,Mecke, Johann,1486-1543,Eccus, Johannes,1486-1543,Eckcius, Johannes,1486-1543,Maier, Johannes aus Eck,1486-1543,Mayr, Johannes,1486-1543,Mayer, Johannes,1486-1543,Mair, Johannes,1486-1543,Mayer aus Eck, Johannes,1486-1543,Johannes,von Eck,1486-1543,Eccius, Johannes,1486-1543,Eccius, Johann,1486-1543,Eck, Johan,1486-1543,Eck, Joannes,1486-1543,Eckius, Ioannes,1486-1543,Eckius, Johann,1486-1543,Ekius, Johannes,1486-1543,Ecke, Johannes,1486-1543,Eeck, Johannes,1486-1543,Eycken, Johannes,1486-1543,Ecken, Johann,1486-1543,Eckius, Johannes,1486-1543,Eccius, Johannes aus Eck,1486-1543,Maierus, Johannes aus Eck,1486-1543,Maioris, Johannes Eckius,1486-1543,Eck, Johann,1486-1543,Eck, Joan,1486-1543,Ekh, Johannes,1486-1543,Johannes,1486-1543,Mecke, Johann,1486-1543,Eccius, Ioannes,1486-1543,Eccius, Iohannes,1486-1543,Eck, Johann von,1486-1543
|
| SYB |
0 |
0 |
|a Diözese Würzburg,Bistum Würzburg,Diöcese Würzburg,Diócesis Würzburg,Dioecesis Herbipolis,Katholische Kirche,Diözese Würzburg,Medienreferat,Katholische Kirche,Diözese Würzburg,Pressedienst Ordinariat,Katholische Kirche,Diözese Würzburg,Directorium,Katholische Kirche,Diözese Würzburg,Ständiger Diakonat,Katholische Kirche,Diözese Würzburg,Seelsorgereferat,Katholische Kirche,Diözese Würzburg,Hauptabteilung Hochschule, Schule und Erziehung,Katholische Kirche,Diözese Würzburg,Hauptabteilung 3,Katholische Kirche,Diözese Würzburg,Vicariatus Generalis,Katholische Kirche,Diözese Würzburg,Ordinariat,Katholische Kirche,Diözese Würzburg,Bischöfliches Ordinariat,Katholische Kirche,Diözese Würzburg,Bischöflicher Stuhl,Katholische Kirche,Diözese Würzburg,Diözesansynode,Katholische Kirche,Diözese Würzburg,Referat Geistliches Leben
|
| SYC |
0 |
0 |
|a Concilium Tridentinum,1545-1563,Trient,Trienter Konzil,1545-1563,Trient,Tridentinisches Konzil,1545-1563,Trient,Konzil von Trient,1545-1563,Trient,Concil von Trient,1545-1563,Trient,Concilio Tridentino,1545-1563,Trient,Trenton Kirkolliskokous,1545-1563,Trient,Trenton Konsiili,1545-1563,Trient,Konzil,1545-1563,Trient,Concili,1545-1563,Trient,Concilie,1545-1563,Trient,Concile,1545-1563,Trient,Konsiili,1545-1563,Trient,Kirkolliskokous,1545-1563,Trient,Ecclesia Catholica,1545-1563,Trient,Katholische Kirche,1545-1563,Trient,Council of Trent,1545-1563,Trient
|
| SYE |
0 |
0 |
|a Episkopat,Bischofsamt,Landesbischof,Diözesanbischof,Bischöfe
|
| SYG |
0 |
0 |
|a Diözese Würzburg,Bistum Würzburg,Diöcese Würzburg,Diócesis Würzburg,Dioecesis Herbipolis,Katholische Kirche,Diözese Würzburg,Medienreferat,Katholische Kirche,Diözese Würzburg,Pressedienst Ordinariat,Katholische Kirche,Diözese Würzburg,Directorium,Katholische Kirche,Diözese Würzburg,Ständiger Diakonat,Katholische Kirche,Diözese Würzburg,Seelsorgereferat,Katholische Kirche,Diözese Würzburg,Hauptabteilung Hochschule, Schule und Erziehung,Katholische Kirche,Diözese Würzburg,Hauptabteilung 3,Katholische Kirche,Diözese Würzburg,Vicariatus Generalis,Katholische Kirche,Diözese Würzburg,Ordinariat,Katholische Kirche,Diözese Würzburg,Bischöfliches Ordinariat,Katholische Kirche,Diözese Würzburg,Bischöflicher Stuhl,Katholische Kirche,Diözese Würzburg,Diözesansynode,Katholische Kirche,Diözese Würzburg,Referat Geistliches Leben , Concilium Tridentinum,1545-1563,Trient,Trienter Konzil,1545-1563,Trient,Tridentinisches Konzil,1545-1563,Trient,Konzil von Trient,1545-1563,Trient,Concil von Trient,1545-1563,Trient,Concilio Tridentino,1545-1563,Trient,Trenton Kirkolliskokous,1545-1563,Trient,Trenton Konsiili,1545-1563,Trient,Konzil,1545-1563,Trient,Concili,1545-1563,Trient,Concilie,1545-1563,Trient,Concile,1545-1563,Trient,Konsiili,1545-1563,Trient,Kirkolliskokous,1545-1563,Trient,Ecclesia Catholica,1545-1563,Trient,Katholische Kirche,1545-1563,Trient,Council of Trent,1545-1563,Trient , Trento,Trente,Trent,Tridentum,Comune di Trento,Trient,Tridenti , Würzburg , Artaunum,Arctaunum,Arctaunum Francorum,Wurtzbourg,Wirtzburg,Herbipola,Wirceburgus,Herbipolis,Stadt Würzburg,Wirceburgi,Wirzburg,Herbipoli,Wirceburgum,Wurzburg , Fürstbischöfe , Allgemeines Konzil,Ökumenisches Konzil,Konzilien
|
| TIM |
|
|
|a 100007410101_100020261231
|b 741 - 2026
|